Movies Quiz

Random Movies or Lyrics Quiz

Nightmare Before Christmas Song Quiz Stats

 Plays Quiz not verified by Sporcle

Score 0/112 Timer 10:00
0 Plays Today
% Correct
I
90.1%
I'd
90.1%
I
90.1%
I
90.1%
I'd
90.1%
I
90.1%
I
90.1%
I
90.1%
the
88.6%
And
88.6%
The
88.6%
the
88.6%
And
88.6%
And
88.6%
the
88.6%
And
88.6%
the
88.6%
this
85.9%
What
73.2%
is
72.1%
in
66%
in
66%
to
65.4%
to
65.4%
to
65.4%
to
65.4%
to
65.4%
be
62.8%
there's
62.3%
something
60.7%
he
59.2%
he
59.2%
he
59.2%
am
59.1%
it's
58.1%
like
57.7%
like
57.7%
like
57.7%
% Correct
feeling
57.2%
feelings
57.2%
No
57.1%
feels
57%
it
57%
that
56.9%
that
56.9%
for
56.5%
for
56.5%
me?
56.3%
wind
55.4%
my
54.5%
not
54.5%
my
54.5%
not
54.5%
not
54.5%
him
54%
him?
54%
have
53.9%
we
53.7%
think
53.6%
think
53.6%
will
53.3%
will
53.3%
will
53.3%
will
53.3%
Can't
52.9%
see
52.7%
of
52.4%
one
51.6%
at
51.5%
sense
51.1%
Although
50.8%
does
49.9%
though
49.6%
by
49.4%
hand
49.2%
means
49.2%
% Correct
how
49.1%
stand
48.6%
tragedy's
48.5%
shake
47.9%
ever
47.1%
become
46.7%
become
46.7%
just
46.4%
notice
46.3%
join
45.9%
much
45.6%
crowd
45.5%
friend?
45.4%
Where
45.4%
their
45.4%
dear
45.2%
then?
44.7%
his
44.3%
us
44%
up
44%
around
43.8%
end
43.7%
enthusiastic
43.3%
bend
43.1%
it's
43.1%
together?
43%
never
42%
worst
41.1%
cloud
40.8%
lead
40.5%
actions
40.3%
as
39.8%
try
36.4%
may
36.4%
doesn't
34.9%
last
34.5%

You're not logged in!

Compare scores with friends on all Sporcle quizzes.
OR
Log In

Show Comments

Extras

Top Quizzes Today


Score Distribution

Your Account Isn't Verified!

In order to create a playlist on Sporcle, you need to verify the email address you used during registration. Go to your Sporcle Settings to finish the process.

Report this User

Report this user for behavior that violates our Community Guidelines.

Details: